Report of the Physical Uplift Committee, Central Provinces and Berar (Record no. 489482)

000 -LEADER
fixed length control field 00446cam a22001337a 4500
008 - FIXED-LENGTH DATA ELEMENTS--GENERAL INFORMATION
fixed length control field 180718b1938 xxu||||| |||| 00| 0 eng d
082 ## - DEWEY DECIMAL CLASSIFICATION NUMBER
Classification number P415x5422 C333
100 ## - MAIN ENTRY--PERSONAL NAME
Personal name Central Provinces and Berar. Physical Uplift Committee
245 ## - TITLE STATEMENT
Title Report of the Physical Uplift Committee, Central Provinces and Berar
260 ## - PUBLICATION, DISTRIBUTION, ETC.
Place of publication, distribution, etc. Nagpur
Name of publisher, distributor, etc. The author
Date of publication, distribution, etc. 1938
300 ## - PHYSICAL DESCRIPTION
Extent 39p.
500 ## - GENERAL NOTE
General note Chairman: Thakur Chhedilal
700 ## - ADDED ENTRY--PERSONAL NAME
Personal name Chhedilal, Thakur (Chairman)
Holdings
Withdrawn status Lost status Damaged status Not for loan Permanent Location Current Location Date acquired Full call number Barcode Date last seen Price effective from Koha item type
        Indian Institute of Public Administration Indian Institute of Public Administration 2018-08-04 P415x5422 C333 G341 2018-08-04 2018-08-04 G

Powered by Koha